000 00878nam a22002175i 4500
001 166392
003 ES-MaACL
005 20260316165934.0
008 050914s1888 fr | |||||||| ||fre d
040 _aCAM
_bspa
_cCAM
100 1 _aTolstói, Lev,
_d1828-1910
_9110489
245 1 0 _aContes et fables /
_cC\pte\s Léon Tolstoï; traduit avec l'autorisarion de l'auteur par E. Halpérine-Kaminsky; précédé d'une préface de l'auteur.
260 _aParis :
_bE. Plon, Nourrit et C\pie\s imprimeurs-éditeurs,
_c[s.a.]
300 _a264 p. ;
_c19 cm.
596 _aObra depositada en el Ministère de l'Intérieur en julio de 1888.
700 1 _aGal'perin-Kaminskij, Il'â Danilovic,
_d1858-1936
_etrad.
_9127773
752 _aFrancia -
_dParís
852 _aES-MaACL
_jF-9302
_z-- Enc. hol. conservando la cub. original
999 _c166392
_d166392